[Event "21st Voronezh Master Open"]
[Site "Voronezh RUS"]
[Date "2017.06.15"]
[Round "4.11"]
[White "Gunchenko,Vadim"]
[Black "Maiorov,N1"]
[Result "0-1"]
[WhiteElo "2199"]
[BlackElo "2521"]

1.d4 Nf6 2.c4 e6 3.Nf3 b6 4.g3 Ba6 5.Qc2 Bb4+ 6.Bd2 Be7 7.Bg2 O-O 8.Ne5 d5
9.Nc3 c6 10.cxd5 cxd5 11.O-O Nfd7 12.Nf3 Bb7 13.Bf4 Nc6 14.Rac1 a6 15.Rfd1 b5
16.a3 Rc8 17.Qd3 Na5 18.e4 Nc4 19.Rc2 Ndb6 20.Ne5 dxe4 21.Nxe4 f5 22.Nc5 Bxg2
23.Kxg2 g5 24.Nxc4 bxc4 25.Qf3 gxf4 26.Nxe6 Qd5 27.Nxf8 Kxf8 28.Qxd5 Nxd5
29.Rdc1 Rb8 30.Rxc4 Rxb2 31.Ra4 Ne3+ 32.Kg1 Ng4 33.Ra5 Nxf2 34.Rxf5+ Kg7
35.gxf4 Bf6 36.Rc7+ Kg6 37.Ra5 Ng4 38.Rxa6 Kf5 39.Rf7 Ke4 40.Rfxf6 Kf3 41.Rfb6
Rg2+ 42.Kf1 Ne3+ {#R} 0-1

[Event "21st Voronezh Master Open"]
[Site "Voronezh RUS"]
[Date "2017.06.15"]
[Round "4.12"]
[White "Domogaev,S"]
[Black "Volkov,Sergey1"]
[Result "0-1"]
[WhiteElo "2411"]
[BlackElo "2615"]

1.d4 d5 2.c4 c6 3.e3 Nf6 4.Nc3 a6 5.Qc2 g6 6.Bd3 Bg7 7.Nf3 Bg4 8.Ne5 Be6 9.O-O
dxc4 10.Nxc4 O-O 11.Bd2 Nbd7 12.Ne4 Nxe4 13.Bxe4 Bxc4 14.Qxc4 e5 15.Bc3 exd4
16.Bxd4 Bxd4 17.Qxd4 Nf6 18.Qa4 Nxe4 19.Qxe4 Qd2 20.Rab1 Rfd8 21.h3 Rd5 22.Qe7
Rd7 23.Qf6 Re8 24.a3 Re6 25.Qf4 Kg7 26.Qa4 Red6 27.Rfc1 Qe2 28.Re1 Qh5 29.Qf4
Rf6 30.Qg4 Rd2 31.Rf1 Qb5 32.b3 Qc5 33.Ra1 Qc2 34.Qc4 Rdxf2 35.Qxc2 Rxc2 36.b4
Re2 37.Rad1 Rxe3 38.Rxf6 Kxf6 39.Rd7 Re7 {#R} 0-1

[Event "21st Voronezh Master Open"]
[Site "Voronezh RUS"]
[Date "2017.06.15"]
[Round "4.13"]
[White "Sadovsky,Artem"]
[Black "Rychagov,A"]
[Result "0-1"]
[WhiteElo "2407"]
[BlackElo "2556"]

1.c4 e6 2.g3 d5 3.Bg2 Nf6 4.Nf3 Be7 5.O-O O-O 6.d4 c6 7.Nc3 b6 8.Ne5 Ba6 9.Qa4
Qe8 10.Qc2 Nfd7 11.Nxd7 Qxd7 12.cxd5 cxd5 13.Rd1 Nc6 14.e4 dxe4 15.d5 Nb4
16.Qxe4 Rad8 17.d6 Bxd6 18.Bf4 Bd3 19.Rxd3 Nxd3 20.Qxd3 Bxf4 21.Qxd7 Rxd7
22.gxf4 Rd2 23.Rb1 Rfd8 24.Kf1 R2d4 25.f5 exf5 26.Re1 Rd2 27.Re2 g5 28.Ke1
Rxe2+ 29.Kxe2 f4 30.Nb5 Rd7 31.Bc6 Re7+ 32.Kf3 Kg7 33.a4 Kf6 34.b4 Ke5 35.Nc3
h5 36.Nd5 g4+ 37.Kg2 Re6 38.Bb7 Rd6 39.Ne7 Kf6 40.Nc6 Kg5 41.Kf1 f3 42.Ke1
Re6+ 43.Kf1 Re2 44.b5 Ra2 45.Ke1 Rxa4 46.Ne5 Ra1+ 47.Kd2 Ra2+ {#R} 0-1

[Event "21st Voronezh Master Open"]
[Site "Voronezh RUS"]
[Date "2017.06.15"]
[Round "4.14"]
[White "Karpenko,Artem"]
[Black "Shyam,SM"]
[Result "0-1"]
[WhiteElo "2404"]
[BlackElo "2535"]

1.d4 Nf6 2.c4 g6 3.Nc3 Bg7 4.e4 d6 5.h3 O-O 6.Be3 e5 7.d5 Na6 8.Nf3 Nc5 9.Qc2
c6 10.Nd2 Nh5 11.g3 f5 12.O-O-O Nf6 13.Bxc5 dxc5 14.Bd3 Ne8 15.dxc6 bxc6
16.Nb3 Qe7 17.Na4 fxe4 18.Bxe4 Nd6 19.Nbxc5 Rb8 20.g4 Rb4 21.Rxd6 Qxd6 22.Rd1
Qf6 23.a3 Rb8 24.f3 Bh6+ 25.Kb1 Be3 26.Nd3 Bd4 27.Nb4 Bd7 28.Na6 Rbd8 29.N6c5
Be8 30.Nb3 Bf7 31.Nxd4 Rxd4 32.Rxd4 exd4 33.Nc5 Qd6 34.Nd3 c5 35.Qa4 Rc8 36.b3
Qb6 37.Ne5 Be8 38.Bd5+ Kg7 39.Nd7 Qd6 40.Qxa7 Qxd7 41.Qa6 Bf7 42.Be4 Rb8
43.Kc2 Qc7 44.g5 Qh2+ 45.Kc1 Qg1+ 46.Kc2 Qf2+ 47.Kd1 Qg1+ 48.Kc2 Qxg5 {#R} 0-1

[Event "21st Voronezh Master Open"]
[Site "Voronezh RUS"]
[Date "2017.06.16"]
[Round "5.8"]
[White "Ponkratov,P"]
[Black "Iljiushenok,I"]
[Result "1-0"]
[WhiteElo "2595"]
[BlackElo "2496"]

1.e4 e6 2.d4 d5 3.Nc3 Nf6 4.e5 Nfd7 5.f4 c5 6.Nf3 Nc6 7.Be3 a6 8.Qd2 b5 9.Be2
Qb6 10.Nd1 b4 {#r} 1-0

[Event "21st Voronezh Master Open"]
[Site "Voronezh RUS"]
[Date "2017.06.18"]
[Round "6.1"]
[White "Maiorov,N1"]
[Black "Chigaev,M"]
[Result "1-0"]
[WhiteElo "2521"]
[BlackElo "2561"]

1.d4 Nf6 2.c4 g6 3.g3 Bg7 4.Bg2 c5 5.d5 d6 6.Nc3 O-O 7.Nh3 Nbd7 8.Bd2 a6 9.a4
Ne5 10.b3 Rb8 11.O-O Ne8 12.a5 b5 13.axb6 Qxb6 14.Ra3 Bd7 15.Ne4 Nf6 16.Ba5
Qb7 17.Nd2 h6 18.Nf4 Bf5 19.e4 Bg4 20.f3 Bd7 21.Bc3 g5 22.Ne2 e6 23.f4 Neg4
24.Rf3 exd5 25.cxd5 Rbe8 26.h3 Nxe4 27.Bxg7 Kxg7 28.hxg4 Bxg4 29.Nxe4 Rxe4
30.Rf2 Re3 31.fxg5 Qe7 32.gxh6+ Kxh6 33.Ra2 Re8 34.Qd2 Kg7 35.Qb2+ f6 36.Nf4
Rxg3 37.Rxa6 Rh8 38.Qa1 Qe5 39.Ne6+ Kg6 40.Qxe5 dxe5 41.Nxc5 Bf5 42.Rxf6+ {#r}
1-0

[Event "21st Voronezh Master Open"]
[Site "Voronezh RUS"]
[Date "2017.06.18"]
[Round "6.2"]
[White "Pridorozhni,A"]
[Black "Volkov,Sergey1"]
[Result "0-1"]
[WhiteElo "2540"]
[BlackElo "2615"]

1.c4 c6 2.Nf3 d5 3.d4 Nf6 4.e3 Bf5 5.Nc3 e6 6.Nh4 Bg6 7.Nxg6 hxg6 8.g3 Nbd7
9.Bd2 g5 10.Qb3 Rb8 11.Rd1 g4 12.Bg2 b5 13.c5 e5 14.Qc2 Qe7 15.Ne2 g6 16.b4
Bg7 17.a4 a6 18.dxe5 Nxe5 19.Nd4 Ne4 20.Bc3 f5 21.axb5 axb5 22.Bb2 Ng5 23.Ra1
Rc8 24.Ra6 Qb7 25.Rb6 Qd7 26.Ra6 Qb7 27.Rb6 Qd7 28.Ra6 Kf7 29.Ke2 Ra8 30.Rxa8
Rxa8 31.Bc3 Ne4 32.Ra1 Rxa1 33.Bxa1 Qa7 34.Bxe4 fxe4 35.Bc3 Qa6 36.Nb3 Qa4
37.Bxe5 Bxe5 38.Nd4 Bxd4 {#R} 0-1

[Event "21st Voronezh Master Open"]
[Site "Voronezh RUS"]
[Date "2017.06.18"]
[Round "6.9"]
[White "Bocharov,D"]
[Black "Burmakin,V"]
[Result "1-0"]
[WhiteElo "2579"]
[BlackElo "2504"]

1.e4 c6 2.d4 d5 3.e5 Bf5 4.Nf3 e6 5.Be2 Ne7 6.O-O Nc8 7.a4 Be7 8.a5 Bb4 9.Bd2
Bxd2 10.Nbxd2 O-O 11.b4 Nd7 12.Nb3 Rb8 13.Ne1 f6 14.g4 Be4 15.f3 Bg6 16.f4 Be4
17.Nd2 Bg6 18.Bd3 fxe5 19.Bxg6 hxg6 20.fxe5 b6 21.Nd3 g5 22.Qe2 Rxf1+ 23.Rxf1
Nf8 24.Nf3 Nh7 25.Qd2 Rb7 26.axb6 axb6 27.Nf2 c5 28.Nh3 Rf7 29.Nhxg5 Nxg5
30.Nxg5 Rxf1+ 31.Kxf1 cxd4 32.h4 Qe8 33.Qd3 g6 34.Qxd4 Qb5+ 35.Ke1 Ne7 36.Qf4
Qe8 37.Qf6 Nc6 38.c3 Nd8 39.Kd2 b5 40.Kd3 d4 41.cxd4 Nc6 42.Nxe6 Nxb4+ 43.Ke4
{#r} 1-0

[Event "21st Voronezh Master Open"]
[Site "Voronezh RUS"]
[Date "2017.06.18"]
[Round "6.10"]
[White "Grishchenko,S1"]
[Black "Timofeev,Arty"]
[Result "1-0"]
[WhiteElo "2447"]
[BlackElo "2561"]

1.d4 Nf6 2.c4 g6 3.Nc3 d5 4.Bf4 Bg7 5.Nf3 c5 6.dxc5 Qa5 7.cxd5 Nxd5 8.Qxd5
Bxc3+ 9.Bd2 Be6 10.Qxb7 Bxd2+ 11.Nxd2 O-O 12.b4 Qa4 13.e3 Rd8 14.a3 Nd7 15.Qa6
Qc2 16.Qd3 Qxd3 17.Bxd3 Nxc5 18.Be2 Nd3+ 19.Bxd3 Rxd3 20.Ke2 Rc3 21.Rhc1 Rac8
22.Rxc3 Rxc3 23.Ne4 Rc2+ 24.Kd3 {#r} 1-0

[Event "21st Voronezh Master Open"]
[Site "Voronezh RUS"]
[Date "2017.06.18"]
[Round "6.11"]
[White "Shaposhnikov,E"]
[Black "Khegay,D"]
[Result "1-0"]
[WhiteElo "2557"]
[BlackElo "2482"]

1.Nf3 d6 2.d4 Nf6 3.c4 g6 4.Nc3 Bf5 5.Qb3 b6 6.g3 Nc6 7.Bg2 Bg7 8.d5 Na5 9.Qd1
O-O 10.Nd4 Bd7 11.b3 Rc8 12.O-O c5 13.dxc6 Nxc6 14.Nc2 a6 15.Bb2 Ne8 16.Rb1
Na5 17.Nb4 Nc7 18.Ncd5 Bxb2 19.Rxb2 Nxd5 20.cxd5 Qc7 21.Nxa6 Qc3 22.Qd2 Qe5
23.Nb4 Bb5 24.Bf3 Rc7 25.Rc2 Rfc8 26.Rfc1 Rc5 27.Kg2 R8c7 28.Nd3 Rxc2 29.Rxc2
Rxc2 30.Qxc2 Bxd3 31.exd3 Qd4 32.Qc7 Qc5 33.Qxe7 Qa3 34.Qd8+ Kg7 35.Qxb6 Qxa2
36.b4 Nb3 37.Qxd6 Qb1 38.Qe5+ Kg8 39.Qc3 Nc1 40.d6 Nxd3 41.d7 {#r} 1-0

[Event "21st Voronezh Master Open"]
[Site "Voronezh RUS"]
[Date "2017.06.18"]
[Round "6.13"]
[White "Tran Tuan Minh"]
[Black "Cherniaev,A1"]
[Result "1-0"]
[WhiteElo "2541"]
[BlackElo "2425"]

1.d4 d6 2.e4 Nf6 3.Nc3 c6 4.g3 e5 5.Bg2 b5 6.Nge2 Nbd7 7.O-O Be7 8.h3 h5 9.Be3
Qc7 10.Bg5 a5 11.Qd2 Ba6 12.Nd1 b4 13.Re1 O-O 14.Bh4 Rfe8 15.Ne3 g6 16.c4 Bf8
17.Rad1 Bg7 18.f3 Ra7 19.g4 hxg4 20.hxg4 Nh7 21.Bf2 Nhf8 22.b3 Raa8 23.g5 Rad8
24.Ng4 Nh7 25.Nh6+ Bxh6 26.gxh6 Ndf8 27.f4 Bc8 28.Qe3 Bg4 29.Bh4 Rd7 30.Qg3
Bxe2 31.Rxe2 f6 32.f5 g5 33.Qg4 Rde7 34.dxe5 dxe5 35.Red2 Rd7 36.Rxd7 Nxd7
37.Qh5 Re7 38.Bf2 Ndf8 39.Bf1 Rd7 40.c5 Qd8 41.Bc4+ Kh8 42.Rd6 {#r} 1-0

[Event "21st Voronezh Master Open"]
[Site "Voronezh RUS"]
[Date "2017.06.18"]
[Round "6.14"]
[White "Zhileykin,Andrey"]
[Black "Lintchevski,D"]
[Result "0-1"]
[WhiteElo "2225"]
[BlackElo "2532"]

1.e4 c5 2.Nf3 e6 3.d4 cxd4 4.Nxd4 Nc6 5.Nc3 Qc7 6.Be2 a6 7.O-O Nf6 8.Be3 Bb4
9.Nxc6 bxc6 10.f4 d5 11.e5 Nd7 12.Na4 c5 13.c4 d4 14.Bd2 Bxd2 15.Qxd2 Bb7
16.Bf3 O-O 17.Bxb7 Qxb7 18.b3 f6 19.Rae1 fxe5 20.fxe5 Rxf1+ 21.Rxf1 Qc7 22.Qg5
Rf8 23.Re1 Rf7 24.Nb2 Qa5 25.Rf1 Rxf1+ 26.Kxf1 Qxa2 27.Qd8+ Nf8 28.Na4 Qxb3
29.Nb6 Qd3+ 30.Kf2 Qe3+ 31.Kf1 d3 {#R} 0-1

[Event "21st Voronezh FIDE Open"]
[Site "Voronezh RUS"]
[Date "2017.06.15"]
[Round "4.4"]
[White "Provkin,V"]
[Black "Lepaev,Andrey"]
[Result "0-1"]
[WhiteElo "2163"]
[BlackElo "2059"]

1.d4 Nf6 2.Bg5 Ne4 3.Bf4 d5 4.f3 Nf6 5.e4 c5 6.e5 Nfd7 7.c3 Nc6 8.Be3 cxd4
9.cxd4 Nb6 10.Nc3 Bf5 11.g4 Bg6 12.Nh3 e6 13.Nf4 Be7 14.Qd2 Bh4+ 15.Bf2 O-O
16.Be2 Bxf2+ 17.Kxf2 Nc4 18.Bxc4 dxc4 19.Rad1 Qb6 20.Na4 Qc7 21.Rhe1 Rad8
22.d5 exd5 23.Nxd5 Qb8 24.f4 Bd3 25.Nac3 b5 26.a3 b4 27.axb4 Nxb4 28.Nxb4 Qxb4
29.Ne4 Qb6+ 30.Qe3 Qxb2+ 31.Rd2 Qb6 32.Nd6 Qxe3+ 33.Kxe3 f6 34.Ra2 g5 35.Rxa7
gxf4+ 36.Kxf4 fxe5+ 37.Kxe5 Bg6 38.Rea1 c3 39.h4 Rf2 40.Ra8 Rxa8 41.Rxa8+ Rf8
42.Ra3 c2 43.Rc3 Rf1 44.Rc8+ Kg7 45.Rc7+ Kh6 46.Rc6 c1=Q 47.Nf7+ Kg7 48.h5 Kg8
49.Rc7 {#R} 0-1

[Event "21st Voronezh FIDE Open"]
[Site "Voronezh RUS"]
[Date "2017.06.15"]
[Round "4.8"]
[White "Mikhnenko,Alexander"]
[Black "Yashmetov,Nikolay"]
[Result "0-1"]
[WhiteElo "2019"]
[BlackElo "2127"]

1.d4 Nf6 2.c4 e6 3.Nf3 b6 4.g3 Ba6 5.b3 Bb4+ 6.Bd2 Be7 7.Bg2 d5 8.cxd5 exd5
9.O-O O-O 10.Ne5 Bd6 11.Nc3 c6 12.f4 Bb7 13.Qc2 Na6 14.Rac1 Rc8 15.Qb1 Nc7
16.b4 Ne6 17.e3 Re8 18.Qb3 Ba8 19.Nd3 Bb8 20.Rc2 Bb7 21.Rfc1 Re7 22.Na4 Bd6
23.b5 Rec7 24.bxc6 Bxc6 25.Nc3 Qd7 26.Ne5 Bxe5 27.fxe5 Ne4 28.Nxe4 dxe4 29.Bh3
h6 30.Bxe6 fxe6 31.Qc4 Re8 32.Bb4 Rcc8 33.Qe2 Bb5 34.Qf2 Bd3 35.Rxc8 Rxc8
36.Qb2 Kh7 37.Bd6 Qf7 38.Qa1 Qf3 39.Rxc8 Qxe3+ 40.Kg2 Qf3+ 41.Kg1 Qe3+ 42.Kg2
Qe2+ 43.Kh3 e3 44.Rf8 Be4 45.Rf4 Bg2+ {#R} 0-1

[Event "21st Voronezh FIDE Open"]
[Site "Voronezh RUS"]
[Date "2017.06.17"]
[Round "6.6"]
[White "Ponomariov,T"]
[Black "Kondaurov,Yury"]
[Result "0-1"]
[WhiteElo "2196"]
[BlackElo "2046"]

1.Nc3 Nf6 2.d4 d5 3.Qd3 g6 4.e4 dxe4 5.Nxe4 Bg7 6.Nf3 O-O 7.Bg5 Bf5 8.Bxf6
exf6 9.O-O-O Re8 10.Nfd2 Nc6 11.g4 Bxe4 12.Nxe4 Qd5 13.Bg2 Qxa2 14.f4 Qa1+
15.Kd2 Qxb2 16.Rb1 Qxd4 17.Qxd4 Nxd4 18.Rxb7 Rad8 19.f5 Nxf5+ 20.Kc1 Nh4
21.Rb5 {#R} 0-1

[Event "21st Voronezh FIDE Open"]
[Site "Voronezh RUS"]
[Date "2017.06.17"]
[Round "6.8"]
[White "Provkin,V"]
[Black "Filippov,I"]
[Result "1-0"]
[WhiteElo "2163"]
[BlackElo "2041"]

1.d4 e6 2.Nf3 d5 3.c4 Nf6 4.Nc3 c6 5.Bg5 Nbd7 6.cxd5 exd5 7.e3 h6 8.Bh4 Qa5
9.Bd3 Bb4 10.Qc2 O-O 11.O-O Re8 12.a3 Bxc3 13.bxc3 Ne4 14.c4 Ndf6 15.Ne5 Qd2
16.cxd5 cxd5 17.Rfc1 Qxc2 18.Rxc2 g5 19.f3 Nd6 20.Be1 Bf5 21.Bxf5 Nxf5 22.Rc7
Re7 23.Rac1 Ne8 24.Rc8 Rxc8 25.Rxc8 f6 26.Bb4 Re6 27.Nd7 Kf7 28.e4 Ne7 29.Rb8
Nc6 30.exd5 Nxb8 31.dxe6+ Kxe6 32.Nxb8 Kd5 33.Bc5 b6 34.Bf8 a5 35.Nd7 Kc6
36.Nxb6 Kxb6 37.Bxh6 Kb5 38.Bf8 Kc4 39.Bc5 Nc7 40.g3 Ne6 41.h4 gxh4 42.gxh4
Nf4 43.Kf2 Nh5 44.Ke3 Kd5 45.Kd3 a4 46.Kc3 Ke6 {#r} 1-0

[Event "21st Voronezh FIDE Open"]
[Site "Voronezh RUS"]
[Date "2017.06.18"]
[Round "7.2"]
[White "Palkovich,D"]
[Black "Provkin,V"]
[Result "0-1"]
[WhiteElo "2147"]
[BlackElo "2163"]

1.d4 Nf6 2.Bf4 g6 3.e3 d6 4.Nf3 Bg7 5.h3 O-O 6.Be2 Nc6 7.O-O Nd7 8.c4 e5 9.Bg3
e4 10.Nfd2 f5 11.Nc3 Kh8 12.Rc1 g5 13.Bh2 Nf6 14.a3 Qe7 15.c5 dxc5 16.dxc5 Be6
17.Nb5 f4 18.exf4 gxf4 19.Bxf4 Nd5 20.Bg3 Rad8 21.Nxe4 a6 22.Nxc7 Nxc7 23.Bd6
Qh4 24.Qa4 Nd4 25.Bd3 Nd5 26.Bg3 Qh5 27.f4 Bf5 28.Rce1 Qg6 29.Kh2 Nf6 30.Nxf6
Bxd3 31.Nd7 Rf7 32.Bh4 Bxf1 {#R} 0-1

[Event "21st Voronezh FIDE Open"]
[Site "Voronezh RUS"]
[Date "2017.06.18"]
[Round "7.4"]
[White "Kondaurov,Yury"]
[Black "Maratkanov,E"]
[Result "1-0"]
[WhiteElo "2046"]
[BlackElo "2145"]

1.Nf3 d5 2.g3 c5 3.c4 Nf6 4.Bg2 Nc6 5.O-O e5 6.cxd5 Nxd5 7.Nc3 Nc7 8.b3 Be7
9.Bb2 Be6 10.Rc1 f6 11.e3 Qd7 12.Na4 e4 13.Ne1 Bg4 14.Qc2 Be2 15.Qxe4 Bxf1
16.Kxf1 O-O 17.d3 Na6 18.Ba3 Ncb4 19.Qxb7 Rad8 20.Qe4 Rfe8 21.Qc4+ Kh8 22.Rd1
Qf5 23.g4 Qe5 24.Kg1 Bd6 25.Bxb4 Nxb4 26.a3 Na2 27.Qc2 Qxh2+ 28.Kf1 Qh4 29.Bf3
Qh3+ 30.Ke2 f5 31.gxf5 Qxf5 32.Qxa2 g5 33.Qb2+ Be5 34.Qc2 Rf8 35.Qc4 h5 36.Qe4
Qf6 37.Kd2 g4 38.Be2 c4 39.bxc4 Rfe8 40.Qh1 Qg5 41.Rb1 Rb8 42.Rxb8 Rxb8 43.Qe4
Bg7 44.d4 Qa5+ 45.Nc3 Rb2+ 46.Nc2 Qxa3 47.Qe8+ Kh7 48.Bd3+ {#r} 1-0

[Event "21st Voronezh FIDE Open"]
[Site "Voronezh RUS"]
[Date "2017.06.18"]
[Round "7.6"]
[White "Kazmin,Semen"]
[Black "Lebedev,MS"]
[Result "0-1"]
[WhiteElo "2086"]
[BlackElo "2041"]

1.e4 c5 2.Nf3 Nc6 3.d4 cxd4 4.Nxd4 Nf6 5.Nc3 e5 6.Ndb5 d6 7.Bg5 a6 8.Na3 b5
9.Nd5 Be7 10.Bxf6 Bxf6 11.c3 O-O 12.h4 Rb8 13.Nc2 Be7 14.Nce3 Be6 15.Qf3 Qd7
16.Rd1 Bd8 17.h5 h6 18.Nf5 Kh8 19.Nde3 Bc7 20.Rh3 Ne7 21.Rg3 Rg8 22.Bd3 Kh7
23.Bc2 a5 24.Nd5 Bxf5 25.exf5 f6 26.Nxe7 Qxe7 27.Be4 d5 28.Rxd5 Rgd8 29.Qe2
Rxd5 30.Bxd5 Bb6 31.Be4 b4 32.c4 Bd4 33.Bd5 a4 34.Qc2 b3 35.axb3 Qb4+ 36.Qd2
Bxf2+ {#R} 0-1

[Event "21st Voronezh FIDE Open"]
[Site "Voronezh RUS"]
[Date "2017.06.18"]
[Round "7.10"]
[White "Mikhnenko,Alexander"]
[Black "Palin,D"]
[Result "0-1"]
[WhiteElo "2019"]
[BlackElo "2158"]

1.d4 e6 2.c4 d5 3.Nc3 c5 4.cxd5 exd5 5.e3 Nf6 6.Nf3 Nc6 7.Be2 Be7 8.O-O O-O
9.b3 Ne4 10.Bb2 Bf6 11.Rc1 cxd4 12.exd4 Re8 13.Bb5 Bg4 14.Nxe4 dxe4 15.h3 Bh5
16.g4 exf3 17.gxh5 Bxd4 18.Qxf3 Bxb2 19.Bxc6 bxc6 20.Rxc6 Rc8 21.Rd1 Qg5+
22.Kh1 Rxc6 23.Qxc6 Rd8 24.Re1 Ba3 25.Qa4 Qc5 26.Re8+ Rxe8 27.Qxe8+ Qf8 28.Qd7
Bc5 29.Kg2 h6 30.Qc6 Bb6 31.a4 Qd8 32.b4 Qg5+ 33.Kf1 Qf5 34.Qe8+ Kh7 35.Qe2
Qb1+ 36.Qe1 Qxe1+ 37.Kxe1 g6 38.hxg6+ Kxg6 39.Ke2 Kf5 40.a5 Bd4 41.Kd3 Bxf2
42.b5 Ke6 43.Kc4 Kd6 44.Kb4 Be1+ 45.Ka4 Bxa5 {#R} 0-1

[Event "National Open 2017"]
[Site "Las Vegas USA"]
[Date "2017.06.16"]
[Round "1.1"]
[White "Nyzhnyk,I"]
[Black "Yim,Sung Ho"]
[Result "1-0"]
[WhiteElo "2612"]
[BlackElo "2172"]

1.d4 d5 2.Nf3 Nf6 3.Bf4 e6 4.e3 c5 5.c3 Nc6 6.Nbd2 cxd4 7.exd4 Nh5 8.Be3 Bd6
9.Ne5 g6 10.Bb5 Bd7 11.Nxd7 Qxd7 12.O-O O-O 13.Nf3 Qc7 14.Re1 Ng7 15.Qe2 a6
16.Bd3 Rac8 17.Bh6 Bf4 18.Bxf4 Qxf4 19.g3 Qd6 20.Qd2 f6 21.Qh6 Nd8 22.Qh4 b5
23.a3 Nc6 24.Re2 e5 25.dxe5 fxe5 26.Ng5 h5 27.Rd1 Qf6 28.f4 exf4 29.Qxf4 Qxf4
30.gxf4 Rxf4 31.Bxg6 Rd8 32.h3 Rd6 33.Bb1 Kf8 34.Rde1 a5 35.b4 d4 36.Ba2 Rg6
37.Rg2 Rxg5 38.Rxg5 dxc3 39.Rc5 Rf6 40.bxa5 Nf5 41.Rf1 Ncd4 42.Bb1 Ke7
43.Rcxf5 Rg6+ 44.Kh2 c2 45.Bxc2 Nxc2 46.Rf7+ Ke6 47.a6 Rg8 48.Rf8 Rg7 49.R1f6+
Kd5 50.R6f7 {#r} 1-0

[Event "National Open 2017"]
[Site "Las Vegas USA"]
[Date "2017.06.16"]
[Round "1.3"]
[White "Li,Ruifeng"]
[Black "Breckenridge,S"]
[Result "1-0"]
[WhiteElo "2571"]
[BlackElo "2239"]

1.e4 e5 2.Nf3 Nc6 3.Bc4 Nf6 4.d3 Bc5 5.c3 a6 6.Nbd2 O-O 7.Bb3 d6 8.h3 Be6
9.Nf1 Bxb3 10.axb3 d5 11.Qe2 dxe4 12.dxe4 Qd6 13.Ng3 Rad8 14.O-O h6 15.b4 Bb6
16.Be3 Bxe3 17.Qxe3 Qe6 18.Rfd1 Rd7 19.Rxd7 Nxd7 20.Rd1 Nb6 21.Nf5 Qa2 22.N3h4
Qe6 23.Qg3 Qf6 24.Nf3 Re8 25.b3 Kh7 26.Nh2 h5 27.Nf3 g6 28.Ng5+ Kh8 29.Nh6 Rf8
30.Rd3 Qg7 31.Qe3 Qf6 32.Qc5 Qg7 33.Rf3 Qxh6 34.Nxf7+ Rxf7 35.Rxf7 Kg8 36.Rxc7
Qc1+ 37.Kh2 Qf4+ 38.g3 Qxe4 39.Qxb6 Qf5 40.Rxb7 h4 41.Qe3 hxg3+ 42.Qxg3 e4
43.Kg2 Ne5 44.Re7 Nf7 45.Qg4 Qf6 46.Re6 Qf3+ 47.Qxf3 exf3+ 48.Kg3 {#r} 1-0

[Event "National Open 2017"]
[Site "Las Vegas USA"]
[Date "2017.06.16"]
[Round "1.4"]
[White "Bryant,J"]
[Black "Gordievsky,D"]
[Result "0-1"]
[WhiteElo "2443"]
[BlackElo "2613"]

1.e4 c5 2.Nf3 e6 3.d4 cxd4 4.Nxd4 a6 5.Nc3 Qc7 6.g3 Bb4 7.Bd2 Nf6 8.Bg2 Nc6
9.Nb3 Be7 10.O-O d6 11.a4 Ne5 12.f4 Nc4 13.Bc1 O-O 14.Qe2 Rb8 15.g4 b5 16.axb5
axb5 17.g5 Nd7 18.Rf3 Re8 19.Bf1 d5 20.exd5 exd5 21.Nxd5 Bc5+ 22.Kh1 Qd8
23.Qd1 Bb7 24.Rd3 Bf2 25.Qf3 Nde5 26.fxe5 Nxe5 27.Qxf2 Nxd3 28.cxd3 Qxd5+ {#R}
0-1

[Event "National Open 2017"]
[Site "Las Vegas USA"]
[Date "2017.06.16"]
[Round "1.10"]
[White "Asaria,Danial"]
[Black "Bitoon,R"]
[Result "1-0"]
[WhiteElo "2243"]
[BlackElo "2454"]

1.e4 c5 2.c3 Nf6 3.e5 Nd5 4.Nf3 Nc6 5.Bc4 e6 6.O-O d6 7.d4 Nb6 8.Bb3 cxd4
9.cxd4 dxe5 10.dxe5 Qxd1 11.Rxd1 Be7 12.Nc3 O-O 13.Be3 Nd7 14.Nb5 Ndxe5
15.Nxe5 Nxe5 16.Nc7 Rb8 17.Bxa7 Nc6 18.Bxb8 Nxb8 19.Ba4 Bf6 20.Rac1 Bxb2
21.Rc2 Be5 22.Ne8 Nc6 23.Nd6 Rd8 24.Bxc6 bxc6 25.Rxc6 Bb7 26.Rc7 Ba6 27.Ra7
Bc4 28.g3 h5 29.Rc1 Rxd6 30.Rxc4 g5 31.Rc5 Rd1+ 32.Kg2 Bd4 33.Rxg5+ Kf8
34.Ra8+ Ke7 35.Ra3 Rd2 36.Rf3 h4 37.gxh4 Rxa2 38.h5 f5 39.h6 Kf6 40.Rg8 Ra7
41.Rfg3 Rh7 42.R3g6+ Kf7 43.h4 {#r} 1-0

[Event "National Open 2017"]
[Site "Las Vegas USA"]
[Date "2017.06.16"]
[Round "2.3"]
[White "Gordievsky,D"]
[Black "Marrero Lopez,Yan"]
[Result "1-0"]
[WhiteElo "2613"]
[BlackElo "2242"]

1.Nf3 Nf6 2.g3 b5 3.d3 d5 4.Bg2 Bb7 5.O-O e6 6.c4 dxc4 7.dxc4 Qxd1 8.Rxd1 b4
9.Bf4 Nbd7 10.Bxc7 Rc8 11.Bf4 Bxf3 12.Bxf3 e5 13.Be3 Rxc4 14.Nd2 Rc7 15.Rac1
Rxc1 16.Rxc1 Nb6 17.Rc7 Nfd5 18.Bxd5 Nxd5 19.Rxa7 Nxe3 20.fxe3 h5 21.Nc4 Rh6
22.Ra8+ Ke7 23.Nxe5 Re6 24.Nd3 Rb6 25.Nf4 Rb5 26.e4 {#r} 1-0

[Event "National Open 2017"]
[Site "Las Vegas USA"]
[Date "2017.06.16"]
[Round "2.5"]
[White "Yanayt,E"]
[Black "Gurevich,D"]
[Result "0-1"]
[WhiteElo "2182"]
[BlackElo "2454"]

1.e4 c5 2.Nf3 d6 3.d4 cxd4 4.Nxd4 Nf6 5.Nc3 Nc6 6.Bg5 g6 7.Bxf6 exf6 8.Be2 Bg7
9.Ndb5 O-O 10.Qxd6 f5 11.Qa3 fxe4 12.Nxe4 Bf5 13.Ned6 a6 14.Nc3 Nd4 15.O-O-O
Bh6+ 16.Kb1 Bxc2+ 17.Ka1 Bxd1 18.Bxd1 Qg5 19.Ne2 Qxg2 20.Ng3 {#R} 0-1

[Event "National Open 2017"]
[Site "Las Vegas USA"]
[Date "2017.06.16"]
[Round "2.7"]
[White "Schmakel,Sam A"]
[Black "Asaria,Danial"]
[Result "1-0"]
[WhiteElo "2344"]
[BlackElo "2243"]

1.e4 c5 2.Nf3 d6 3.d4 cxd4 4.Nxd4 Nf6 5.Nc3 a6 6.Bg5 Nbd7 7.Qe2 Qc7 8.O-O-O h6
9.Bh4 b5 10.f4 e5 11.Nd5 Nxd5 12.Ne6 Qa5 13.exd5 Bb7 14.Qe1 Qb6 15.Bf2 Nc5
16.Nxf8 Qc7 17.fxe5 Kxf8 18.exd6 Qxd6 19.Bg3 Qg6 20.Qb4 Rc8 21.Bd3 Qb6 22.Bf5
a5 23.Qf4 Rd8 24.Qc7 Na4 25.Qxb6 Nxb6 26.Bc7 Rxd5 27.Bxb6 Rxd1+ 28.Rxd1 Ke7
29.Rd7+ Kf6 30.Rxb7 Kxf5 31.Rxf7+ Kg6 32.Rxg7+ {#r} 1-0

[Event "National Open 2017"]
[Site "Las Vegas USA"]
[Date "2017.06.17"]
[Round "3.1"]
[White "Nyzhnyk,I"]
[Black "Schmakel,Sam A"]
[Result "1-0"]
[WhiteElo "2612"]
[BlackElo "2344"]

1.d4 Nf6 2.c4 g6 3.Nc3 Bg7 4.e4 d6 5.Nf3 O-O 6.Be3 c5 7.h3 cxd4 8.Nxd4 b6 9.g3
Bb7 10.Bg2 e6 11.O-O Qe7 12.Qd2 Na6 13.Rfe1 Nc5 14.Bg5 e5 15.Nd5 Qd8 16.Nb5
Bxd5 17.cxd5 Qd7 18.Nc3 Ne8 19.b4 Na6 20.Qe2 Nac7 21.h4 f5 22.Bh3 Qf7 23.exf5
gxf5 24.Rad1 e4 25.Qd2 a5 26.b5 a4 27.Bh6 Qf6 28.Bxg7 Nxg7 29.a3 Ra5 30.Rb1
Nh5 31.Rb4 Rf7 32.Qg5+ Qxg5 33.hxg5 Kg7 34.Reb1 Kg6 35.Rc4 Kxg5 36.Rc6 Nf6
37.Rxd6 Rf8 38.Bf1 f4 39.Rd1 e3 40.fxe3 fxe3 41.Rxb6 Kf5 42.d6 Ne6 43.Bh3+ Ke5
44.Bxe6 Ra7 45.d7 Rc7 46.Rc6 {#r} 1-0

[Event "National Open 2017"]
[Site "Las Vegas USA"]
[Date "2017.06.17"]
[Round "3.2"]
[White "Gurevich,D"]
[Black "Gordievsky,D"]
[Result "0-1"]
[WhiteElo "2454"]
[BlackElo "2613"]

1.Nf3 Nf6 2.c4 b6 3.g3 c5 4.Bg2 Bb7 5.O-O e6 6.Nc3 Be7 7.d4 cxd4 8.Qxd4 O-O
9.Rd1 Nc6 10.Qf4 d6 11.b3 Qb8 12.Ba3 Ne5 13.Nb5 Ng6 14.Qe3 Rd8 15.Rac1 h5
16.Nbd4 Ng4 17.Qd3 e5 18.Nf5 e4 19.Qc3 Bf6 20.N3d4 h4 21.Ne3 Qc8 22.Bh3 Nxe3
23.Bxc8 Nxd1 24.Rxd1 Raxc8 25.Qe3 d5 26.Nf5 d4 27.Nxd4 Rd7 28.Bb2 Rcd8 29.Kg2
Bc8 30.h3 Bb7 31.Bc3 Ne7 32.g4 Ng6 33.Nf5 Rxd1 34.Bxf6 R8d2 35.Bg5 Re1 36.Nd4
Rdd1 37.f4 Rxd4 38.Kf2 Rd3 39.Qxd3 exd3 40.Kxe1 f6 {#R} 0-1

[Event "National Open 2017"]
[Site "Las Vegas USA"]
[Date "2017.06.17"]
[Round "3.3"]
[White "Li,Ruifeng"]
[Black "He,Anthony B"]
[Result "1-0"]
[WhiteElo "2571"]
[BlackElo "2295"]

1.b3 e5 2.Bb2 Nc6 3.e3 Nf6 4.Nf3 e4 5.Nd4 Nxd4 6.Bxd4 d5 7.c4 dxc4 8.Bxc4 Bd6
9.Nc3 Bf5 10.f3 O-O 11.O-O Bg6 12.fxe4 Nxe4 13.Nxe4 Bxe4 14.Qg4 Bg6 15.Rf5 c5
16.Bc3 Qc8 17.Raf1 Kh8 18.Qg5 f6 19.Rxf6 Rxf6 20.Rxf6 Qc6 21.Bd5 Qb6 22.Qxg6
hxg6 23.Rf3 Bxh2+ 24.Kh1 Bf4 25.Rh3+ {#r} 1-0